书目信息 |
| 题名: |
建筑安全抗震鉴定与加固设计指南
|
|
| 作者: | 杨红卫 主编 | |
| 分册: | ||
| 出版信息: | 北京 中国建筑工业出版社 2010 |
|
| 页数: | 123页 | |
| 开本: | 26cm | |
| 丛书名: | ||
| 单 册: | ||
| 中图分类: | TU352.1 | |
| 科图分类: | ||
| 主题词: | 建筑结构--jian zhu jie gou--抗震结构--鉴定--指南 , 建筑结构--jian zhu jie gou--抗震结构--加固--指南 | |
| 电子资源: | ||
| ISBN: | 978-7-112-12178-6 | |
| 000 | 00890nam0 2200241 450 | |
| 001 | 0100004262 | |
| 005 | 20191103120839.25 | |
| 010 | @a978-7-112-12178-6@dCNY22.00 | |
| 100 | @a20100913d2010 em y0chiy0121 ea | |
| 101 | 0 | @achi |
| 102 | @aCN@b110000 | |
| 105 | @aak a 000yy | |
| 200 | 1 | @a建筑安全抗震鉴定与加固设计指南@Ajian zhu an quan kang zhen jian ding yu jia gu she ji zhi nan@e2009版规范@f杨红卫主编 |
| 210 | @a北京@c中国建筑工业出版社@d2010 | |
| 215 | @a123页@c图@d26cm | |
| 320 | @a有书目 | |
| 330 | @a本书主要包括六方面内容:安全性鉴定、抗震鉴定、加固设计、现场调查实用方法、有关抗震标准中抗震措施的比较。 | |
| 606 | 0 | @a建筑结构@Ajian zhu jie gou@x抗震结构@x鉴定@j指南 |
| 606 | 0 | @a建筑结构@Ajian zhu jie gou@x抗震结构@x加固@j指南 |
| 690 | @aTU352.1@v4 | |
| 701 | 0 | @a杨红卫@Ayang hong wei@4主编 |
| 801 | 0 | @aCN@c20150822 |
| 905 | @a河南城建学院图书馆@dTU352.1@eY197 | |
| 建筑安全抗震鉴定与加固设计指南:2009版规范/杨红卫主编.-北京:中国建筑工业出版社,2010 |
| 123页:图;26cm |
| ISBN 978-7-112-12178-6:CNY22.00 |
| 本书主要包括六方面内容:安全性鉴定、抗震鉴定、加固设计、现场调查实用方法、有关抗震标准中抗震措施的比较。 |
| ● |
| 相关链接 |
|
|
|
正题名:建筑安全抗震鉴定与加固设计指南
索取号:TU352.1/Y197
 
预约/预借
| 序号 | 登录号 | 条形码 | 馆藏地/架位号 | 状态 | 备注 |
| 1 | 1175332 | 211753324 | 建筑库101/101建筑库 82排2列5层/ [索取号:TU352.1/Y197] | 在馆 | |
| 2 | 1175333 | 211753333 | 建筑库101/101建筑库 82排2列5层/ [索取号:TU352.1/Y197] | 在馆 | |
| 3 | 1175334 | 211753342 | 建筑库101/101建筑库 82排2列5层/ [索取号:TU352.1/Y197] | 在馆 | |
| 4 | 1448780 | 214487802 | 建筑库101/101建筑库 82排2列5层/ [索取号:TU352.1/Y197] | 在馆 | |
| 5 | 1448781 | 214487811 | 建筑库101/101建筑库 82排2列5层/ [索取号:TU352.1/Y197] | 在馆 | |
| 6 | 1448782 | 214487820 | 建筑库101/101建筑库 82排2列5层/ [索取号:TU352.1/Y197] | 在馆 | |
| 7 | 1448783 | 214487839 | 建筑库101/101建筑库 82排2列5层/ [索取号:TU352.1/Y197] | 在馆 | |
| 8 | 1448785 | 214487857 | 建筑库101/101建筑库 82排2列5层/ [索取号:TU352.1/Y197] | 在馆 |